|
|
|
|
| LEADER |
00000cam a22000004a 4500 |
| 001 |
musev2_85378 |
| 003 |
MdBmJHUP |
| 005 |
20230905052754.0 |
| 006 |
m o d |
| 007 |
cr||||||||nn|n |
| 008 |
181210s2018 xxu o 00 0 eng d |
| 020 |
|
|
|a 9781607328100
|
| 020 |
|
|
|z 9781607328094
|
| 035 |
|
|
|a (OCoLC)1090419673
|
| 040 |
|
|
|a MdBmJHUP
|c MdBmJHUP
|
| 100 |
1 |
|
|a Butler, Paul,
|d 1956-
|e author.
|
| 245 |
1 |
4 |
|a The Writer's Style :
|b A Rhetorical Field Guide /
|c Paul Butler.
|
| 264 |
|
1 |
|a Logan :
|b Utah State University Press,
|c 2018.
|
| 264 |
|
3 |
|a Baltimore, Md. :
|b Project MUSE,
|c 2021
|
| 264 |
|
4 |
|c ©2018.
|
| 300 |
|
|
|a 1 online resource (176 pages).
|
| 336 |
|
|
|a text
|b txt
|2 rdacontent
|
| 337 |
|
|
|a computer
|b c
|2 rdamedia
|
| 338 |
|
|
|a online resource
|b cr
|2 rdacarrier
|
| 505 |
0 |
|
|a An introduction to style -- What is style? -- Style as thinking outside the box -- Why style matters -- Pushing the envelope -- Style in sentences -- Generative rhetoric -- Style in essays, including imitation and digital rhetoric -- Correctness, clarity, and concision, and sentence-combining -- Cohesion, coherence, and emphasis -- Practicing style -- Epilogue.
|
| 588 |
|
|
|a Description based on print version record.
|
| 650 |
|
7 |
|a Rhetoric
|x Study and teaching (Higher)
|2 fast
|0 (OCoLC)fst01096977
|
| 650 |
|
0 |
|a Rhetoric
|x Study and teaching (Higher)
|
| 650 |
|
0 |
|a Language and languages
|x Style
|x Study and teaching (Higher)
|
| 655 |
|
7 |
|a Electronic books.
|2 local
|
| 710 |
2 |
|
|a Project Muse.
|e distributor
|
| 830 |
|
0 |
|a Book collections on Project MUSE.
|
| 856 |
4 |
0 |
|z Texto completo
|u https://projectmuse.uam.elogim.com/book/85378/
|
| 945 |
|
|
|a Project MUSE - Custom Collection
|